| 000 | 00692nam a2200253Ia 4500 | ||
|---|---|---|---|
| 001 | 12064 | ||
| 005 | 20240113235340.0 | ||
| 007 | ta | ||
| 008 | 051004s1997 a g b000 u asm u | ||
| 040 | _aCotton College,Assam | ||
| 041 | _aasm | ||
| 082 |
_a891.41 _bGo 559 As |
||
| 100 | _aGohain, Hiren . | ||
| 245 | 0 |
_aAsamiya Jatiya Jeevanat Mahapurushya Parampara / _cHiren Gohain. _hTextual Documents |
|
| 250 | _a5th ed. / | ||
| 260 |
_aGuwahati : _bLawyers Book Stall , _c1997. |
||
| 300 |
_a75p. : _bill ; _c22cm . |
||
| 653 | _aAssamese Literature | ||
| 653 | _aAssamese Essays | ||
| 653 | _aG-Assamese | ||
| 942 |
_2ddc _cBK |
||
| 999 |
_c12051 _d12051 |
||